000 01197nam a2200289 a 4500
001 000005551
005 20200929151717.0
008 090820s1997 es 001 0 spa d
020 _a8400027256
040 _aDO-SdBNP
_bspa
_cBNPHU
082 _axxxx
_bC568d
100 1 _aCicerón, Marco Tulio
_d106-43 a.C.
_915680
240 1 0 _aOrationes.
_lEspañol-Latín
245 1 0 _aDiscursos :
_nv. X
_pDefensa de L. Murena ; Defensa de P. Sila /
_cM. Tulio Cicerón ; texto revisado y traducido por Manuel Marín Peña.
260 _aMadrid :
_bConsejo Superior de Investigaciones Científicas,
_c1997.
300 _a166 p. ;
_c22 cm.
490 1 _aAlma Mater : Colección de Autores Griegos y Latinos
500 _aIncluye índice
500 _aIncluye referencias bibliográficas y notas al pie de las páginas
546 _aTexto en griego y traducción paralela en español, introducción en español
700 1 _aMarín Peña, Manuel
_etr.
_915681
710 2 _aConsejo Superior de Investigaciones Científicas (España)
_915178
740 0 0 _aDefensa de L. Murena
740 0 0 _aDefensa de P. Sila
830 0 _aAlma Mater : Colección de Autores Griegos y Latinos
_915682
049 _aBNPD
999 _c5350
_d5350